| 000 | 00950nam a22002177a 4500 | ||
|---|---|---|---|
| 003 | OSt | ||
| 005 | 20260512175447.0 | ||
| 008 | 260512b2025 slv spa | ||
| 040 | _cBMC | ||
| 082 | _a630.7284 | ||
| 100 | 1 |
_aAlvarado Rosales, José Neftalí _950396 |
|
| 245 | 1 | 0 |
_aPasantía realizada en Multisoluciones agricolas JR. S.A. de C.V. _b: Informe final de pasantía _cJosé Neftalí Alvarado Rosales |
| 260 |
_aSanta Ana (El Salvador) _bUniversidad Católica de El Salvador _c2026 |
||
| 300 |
_a1 v. (pág. var.) _c27 cm _b+ 1 disco compacto |
||
| 500 | _aPrecede al tít.: Universidad Católica de El Salvador, Facultad Ingenieria y Arquitectura | ||
| 502 | _aPara optar al titulo de: Ingeniero Agrónomo | ||
| 505 | _aPeríodo de realización: de agosto 2025 a febrero 2026 | ||
| 650 | 2 | 4 |
_933273 _aAgronomía _zEl Salvador |
| 710 | 2 |
_941641 _aUniversidad Católica de El Salvador _bFacultad de Ciencias Agronómicas |
|
| 942 |
_2ddc _cTG |
||
| 999 |
_c36660 _d36660 |
||